[Event "It (open) \"]
[Site "masterchessopen.com Krasnodar (Russia)"]
[Date "2007.09.22"]
[Round "2"]
[White "Bedia Melor (RUS)"]
[Black "Elderov Fazil (RUS)"]
[Result "1-0"]
[WhiteElo "2357"]
[BlackElo "2114"]

1.e4 c5 2.Nf3 d6 3.d4 cxd4 4.Nxd4 Nf6 5.Nc3 Bd7 6.Bg5 Nc6 7.Qd2 a6 8.O-O-O e6
9.f4 h6 10.Bh4 Nxe4 11.Qe1 Nf6 12.Nf5 Qa5 13.Nxd6+ Bxd6 14.Rxd6 Nb4 15.a3 Na2+
16.Nxa2 {#r} 1-0

[Event "It (cat.3)"]
[Site "masterchessopen.com Arad (Romania)"]
[Date "2007.09.23"]
[Round "4"]
[White "Butunoi Alexandru (ROM)"]
[Black "Manea Alexandru (ROM)"]
[Result "0-1"]
[WhiteElo "2403"]
[BlackElo "2378"]

1.e4 c5 2.Nf3 Nc6 3.d4 cxd4 4.Nxd4 Nf6 5.Nc3 d6 6.Bg5 e6 7.Qd2 a6 8.O-O-O Bd7
9.f4 b5 10.Bxf6 gxf6 11.Nxc6 Bxc6 12.Kb1 Qb6 13.Qe1 Ra7 14.f5 h5 15.Qh4 Be7
16.Ne2 Rc7 17.Nd4 Bd7 18.Be2 e5 19.Nb3 a5 20.Bxh5 Kf8 21.Rd3 Be8 22.Nd2 b4
23.Rc1 Bb5 24.c4 bxc3 25.Rdxc3 Rxc3 26.Rxc3 Bd8 27.g4 Qg1+ 28.Kc2 Be2 {#R} 0-1

[Event "Ch Europe (juniors) (under 18)"]
[Site "masterchessopen.com Sibenik (Croatia)"]
[Date "2007.09.23"]
[Round "9"]
[White "Matsenko Sergei (RUS)"]
[Black "Baryshpolets Andrey (UKR)"]
[Result "1-0"]
[WhiteElo "2415"]
[BlackElo "2399"]

1.e4 c5 2.Nf3 Nc6 3.d4 cxd4 4.Nxd4 Nf6 5.Nc3 d6 6.Bg5 e6 7.Qd2 a6 8.O-O-O Bd7
9.f4 b5 10.Bxf6 gxf6 11.Kb1 Qb6 12.Nf3 b4 13.Ne2 a5 14.Ned4 Nxd4 15.Nxd4 h5
16.e5 Be7 17.exd6 Qxd6 18.Bc4 Rc8 19.b3 a4 20.Rhe1 Qc7 21.Re3 a3 22.Rd3 Bc6
23.Qe2 Rb8 24.Nxe6 Qb6 25.Re1 Rb7 26.Nd4 {#r} 1-0

[Event "Ch Netherlands (team) 2007/08"]
[Site "masterchessopen.com Netherlands"]
[Date "2007.11.03"]
[Round "3"]
[White "Berelovich Aleksandar (GER)"]
[Black "Decoster Frederic (BEL)"]
[Result "1-0"]
[WhiteElo "2595"]
[BlackElo "2257"]

1.e4 c5 2.Nf3 d6 3.d4 cxd4 4.Nxd4 Nf6 5.Nc3 Nc6 6.Bg5 e6 7.Qd2 a6 8.O-O-O Bd7
9.f3 Be7 10.h4 h6 11.Be3 h5 12.Kb1 Ne5 13.Bg5 b5 14.Bd3 Qb6 15.Nce2 b4 16.Qe3
Qb7 17.Ng3 a5 18.Qe2 Nxd3 19.Rxd3 Bb5 20.Nxb5 Qxb5 21.f4 Rb8 22.Re1 g6 23.Qd2
Rd8 24.e5 dxe5 25.Rxd8+ Bxd8 26.Ne4 {#r} 1-0

[Event "It (open)"]
[Site "masterchessopen.com Bad Wiessee (Germany)"]
[Date "2007.11.18"]
[Round "9"]
[White "Pruess David (USA)"]
[Black "Stabolewski Andreas (GER)"]
[Result "0-1"]
[WhiteElo "2417"]
[BlackElo "2257"]

1.e4 c5 2.Nf3 Nc6 3.d4 cxd4 4.Nxd4 Nf6 5.Nc3 d6 6.Bg5 e6 7.Qd2 a6 8.O-O-O Bd7
9.f3 Qc7 10.g4 h5 11.gxh5 Rxh5 12.h4 Be7 13.Nxc6 Bxc6 14.Ne2 Nxe4 15.fxe4 Bxg5
16.hxg5 Rxh1 17.Qe3 Rc8 18.Nd4 Bd7 19.Qf3 Rh2 20.Bd3 Qc5 21.Qg3 Qe5 22.Qe3 Rg2
23.Nf3 Qc5 24.Qxc5 Rxc5 25.c3 Rf2 {#R} 0-1

[Event "Extra League 2007/08"]
[Site "masterchessopen.com Czech Republic"]
[Date "2007.11.18"]
[Round "2"]
[White "Hausner Ivan (CZE)"]
[Black "Belunek Vladimir (CZE)"]
[Result "1-0"]
[WhiteElo "2396"]
[BlackElo "2288"]

1.e4 c5 2.Nf3 d6 3.d4 cxd4 4.Nxd4 Nf6 5.Nc3 Nc6 6.Bg5 e6 7.Qd2 a6 8.O-O-O Bd7
9.f4 b5 10.Nxc6 Bxc6 11.Qe3 Be7 12.Bxf6 gxf6 13.f5 Qc7 14.fxe6 fxe6 15.Bd3 Bd7
16.Qf3 O-O-O 17.e5 d5 18.exf6 Rdf8 19.f7 Bg5+ 20.Kb1 Qf4 21.Qh5 Qh4 22.Be2 b4
23.Bxa6+ Kc7 24.Qf3 Qf4 25.Nxd5+ exd5 26.Qxd5 {#r} 1-0

[Event "Ch World (juniors) (under 18) (g)"]
[Site "masterchessopen.com Kemer (Turkey)"]
[Date "2007.11.22"]
[Round "5"]
[White "Gosciniak Maria (POL)"]
[Black "Fan Yun (USA)"]
[Result "1-0"]
[WhiteElo "2026"]
[BlackElo "1862"]

1.e4 c5 2.Nf3 d6 3.d4 cxd4 4.Nxd4 Nf6 5.Nc3 Nc6 6.Bg5 e6 7.Qd2 a6 8.O-O-O Bd7
9.f4 h6 10.Bxf6 gxf6 11.Be2 b5 12.Bf3 Qb6 13.e5 fxe5 14.fxe5 Be7 15.h4 d5
16.Nxc6 Bxc6 17.Qf4 Bc5 18.Qf6 O-O 19.Kb1 Be3 20.Rh3 Bf2 21.Rf1 b4 22.Nd1 d4
23.Rxf2 Kh7 24.Rg3 {#r} 1-0

[Event "Ch World (juniors) (under 16)"]
[Site "masterchessopen.com Kemer (Turkey)"]
[Date "2007.11.25"]
[Round "8"]
[White "Hovhannisyan Robert (ARM)"]
[Black "Rombaldoni Axel (ITA)"]
[Result "1-0"]
[WhiteElo "2273"]
[BlackElo "2399"]

1.e4 c5 2.Nc3 Nc6 3.Nge2 d6 4.d4 cxd4 5.Nxd4 Nf6 6.Bg5 e6 7.Qd2 a6 8.O-O-O Bd7
9.f4 b5 10.Bxf6 gxf6 11.Kb1 b4 12.Nce2 Qb6 13.g3 Na5 14.Nc1 Rc8 15.Ncb3 Nc4
16.Bxc4 Rxc4 17.Qe2 Rc7 18.Qh5 e5 19.Nf5 a5 20.Rhf1 Bb5 21.fxe5 fxe5 22.Nxd6+
Bxd6 23.Rf6 Rd7 24.Rfxd6 Rxd6 25.Qxe5+ Kd7 26.Rxd6+ Qxd6 27.Qxh8 a4 28.Nc1 a3
29.Qxh7 Qd4 30.Qxf7+ Kc8 31.bxa3 {#r} 1-0

[Event "Ch Commonwealth"]
[Site "masterchessopen.com New Delhi (India)"]
[Date "2007.12.05"]
[Round "5"]
[White "Preethi R (IND)"]
[Black "Shashikant Kutwal (IND)"]
[Result "0-1"]
[WhiteElo "2125"]
[BlackElo "2321"]

1.e4 c5 2.Nf3 d6 3.d4 cxd4 4.Nxd4 Nf6 5.Nc3 Nc6 6.Bg5 e6 7.Qd2 a6 8.O-O-O Bd7
9.Be2 Be7 10.Nb3 b5 11.Bxf6 gxf6 12.Bh5 Na5 13.f4 Nc4 14.Qe2 Qc7 15.f5 O-O
16.Qg4+ Kh8 17.Qh3 b4 18.Ne2 e5 19.Rd3 Rac8 20.c3 d5 21.exd5 e4 22.Rg3 Qe5
23.Rf1 e3 24.Qg4 Rg8 25.Qd4 Qxd4 26.Nbxd4 Nd2 27.Re1 Rxg3 28.hxg3 Bc5 29.Bxf7
bxc3 30.bxc3 Ba4 31.d6 Ba3# 0-1

[Event "It (cat.5)"]
[Site "masterchessopen.com Eupen (Belgium)"]
[Date "2007.12.10"]
[Round "4"]
[White "Gulbas Cemil (BEL)"]
[Black "Philipowski Robert (GER)"]
[Result "1-0"]
[WhiteElo "2365"]
[BlackElo "2299"]

1.e4 c5 2.Nf3 Nc6 3.d4 cxd4 4.Nxd4 Nf6 5.Nc3 d6 6.Bg5 e6 7.Qd2 a6 8.O-O-O Bd7
9.f3 Be7 10.Be3 h5 11.Kb1 Qc7 12.g3 Nxd4 13.Bxd4 Bc6 14.Bg2 b5 15.h3 b4 16.Ne2
d5 17.e5 Nd7 18.f4 Bb5 19.f5 Nxe5 20.fxe6 fxe6 21.Nf4 Nc4 22.Qe1 Ba4 23.Qe2
Rc8 24.Rc1 Bd7 25.Nxe6 Bxe6 26.Qxe6 b3 27.Bxd5 Rh6 28.Qf7+ Kd8 29.Rhe1 bxc2+
30.Ka1 Nd6 31.Qxg7 {#r} 1-0

[Event "Ch Slovenia (team)"]
[Site "masterchessopen.com Murska Sobota (Slovenia)"]
[Date "2007.12.10"]
[Round "2"]
[White "Sedlak Nikola (SRB)"]
[Black "Kozul Zdenko (CRO)"]
[Result "1-0"]
[WhiteElo "2605"]
[BlackElo "2609"]

{ Kozul Zdenko (CRO) +66 =23 -40 } 1.e4 c5 2.Nf3 Nc6 3.d4 cxd4 4.Nxd4 Nf6
5.Nc3 d6 6.Bg5 e6 7.Qd2 a6 8.O-O-O Bd7 9.f3 Be7 10.Be3 { ? } 10...O-O (
10...Qc7 11.Kb1 Rc8 12.g4 Ne5 13.g5 Nh5 14.f4 Nc4 15.Bxc4 Qxc4 16.f5 b5
17.Rhf1 b4 18.fxe6 fxe6 19.Nce2 g6 20.Nb3 e5 21.Nec1 Be6 22.Nd3 a5 23.Rf2 Rf8
24.Rxf8+ Kxf8 25.Qg2 Kg8 26.Nbc1 Qc6 27.Rd2 Rf8 28.h4 Bc8 29.Nb3 Qa8 30.Rd1 {
...1/2-1/2, Bruzon Lazaro 2607 - Kozul Zdenko 2609 , Khanty Mansyisk
26.11.2007 Cup World (active) } ) ( 10...h6 11.Kb1 b5 12.Nxc6 Bxc6 13.Ne2 Rc8
14.Nd4 O-O 15.g4 e5 16.Nxc6 Rxc6 17.h4 Nd7 18.g5 h5 19.g6 Qc7 20.gxf7+ Rxf7
21.Bh3 Nf8 22.Bf5 g6 23.Rdg1 d5 24.exd5 Rxf5 25.dxc6 Qxc6 26.f4 Bf6 27.fxe5
Bxe5 28.Rd1 Qe4 29.Bg5 Bf4 30.Bxf4 { ...1-0, Korneev Oleg 2671 - Hurtado Rueda
Manuel, Dos Hermanas 30. 3.2006 It (open) } ) 11.g4 Nxd4 ( 11...b5 12.g5 Ne8
13.h4 Nxd4 14.Qxd4 Qa5 15.Kb1 b4 16.Ne2 Nc7 17.Qb6 Qxb6 18.Bxb6 Rfc8 19.Ba5
Rab8 20.Nc1 Bb5 21.Nb3 e5 22.Bxb5 Rxb5 23.Bxc7 Rxc7 24.Nd2 Rbc5 25.Rc1 g6
26.Nf1 d5 27.Ne3 d4 28.Nd5 Rb7 29.Rcd1 Kg7 30.f4 f6 31.fxe5 { ...1/2-1/2,
Zhigalko Andrey 2515 - Smirnov Valerij 2382 , Minsk 2003 Ch Belarus } )
12.Bxd4 Bc6 ( 12...b5 13.Kb1 b4 14.Ne2 e5 15.Be3 Qa5 16.Ng3 Be6 17.b3 Rfc8
18.Nf5 Bf8 19.Bg5 Nd7 20.Nxd6 Bxd6 21.Qxd6 Nc5 22.Bd3 Nb7 23.Qe7 Rc7 { 0-1,
Ardelean George Catalin 2461 - Raceanu Valentin 2370 , Bucharest 23. 9.2004 It
(open) } ) 13.g5 ( 13.h4 Nd7 14.g5 b5 15.Bd3 Qa5 16.Kb1 b4 17.Ne2 Rfb8 18.b3
Qc7 19.h5 e5 20.Bb2 Bb5 21.g6 fxg6 22.hxg6 hxg6 23.f4 Nf6 24.Rdg1 Bf8 25.Rxg6
Kf7 26.Rg5 Bxd3 27.cxd3 Rb5 28.Rc1 Qb8 29.fxe5 dxe5 30.Rc6 Ra7 31.Qc2 Rd7
32.Qc4+ Ke8 { ...1-0, Dutreeuw Marc 2370 - Mohandesi Shahin 2320 , Brussels
1995 It (open) } ) ( 13.Bd3 b5 14.g5 Nd7 15.Rhg1 Ne5 16.Ne2 Nxd3+ 17.cxd3 e5
18.Be3 d5 19.Kb1 b4 20.Rc1 Bb5 21.Rgd1 d4 22.Bf2 Bxg5 23.f4 exf4 24.Nxd4 f3
25.Be3 Qxd4 26.Bxg5 Rad8 27.Bxd8 Rxd8 28.Ka1 f5 29.Qg5 fxe4 30.Rc7 Rf8 31.Rg1
g6 32.Rgc1 f2 { ...0-1, Wade Robert G 2171 - Gheorghiu Florin 2379 , Vinkovci
1968 It } ) 13...Nd7 ( 13...Nh5 14.Be3 Qc7 15.Bh3 b5 16.Bg4 g6 17.Bxh5 gxh5
18.Rhg1 b4 19.Ne2 d5 20.e5 Rfc8 21.Nd4 Qxe5 22.f4 Qe4 23.f5 e5 24.Rde1 exd4
25.Bxd4 Qxf5 26.Rxe7 Bb5 27.g6 hxg6 28.Re5 Qf3 29.Qh6 Rxc2+ 30.Kb1 Rc1+
31.Kxc1 Rc8+ 32.Kb1 Qd3+ 33.Ka1 { ...1-0, Tarjan James E 2525 - Mednis Edmar J
2510 , Riga 1979 Izt (cat.12) } ) 14.h4 ( 14.Rg1 b5 15.Bd3 b4 16.Ne2 Ne5
17.Qe3 Qa5 18.Kb1 Rab8 19.b3 Rfc8 20.f4 Nxd3 21.cxd3 Bd7 22.Qd2 e5 23.Bb2 Re8
24.d4 exf4 25.d5 f3 26.Ng3 Bg4 27.Qf4 f2 28.Rdf1 Bf6 29.gxf6 fxg1=Q 30.Qg5 {
1-0, Neelotpal Das 2490 - Beltran Rueda Santiago 2371 , Sitges 7.2006 It
(open) } ) 14...b5 15.Kb1 ( 15.Bd3 Qa5 16.Kb1 b4 17.Ne2 Rfb8 18.b3 Qc7 19.h5
e5 20.Bb2 Bb5 21.g6 fxg6 22.hxg6 hxg6 23.f4 Nf6 24.Rdg1 Bf8 25.Rxg6 Kf7 26.Rg5
Bxd3 27.cxd3 Rb5 28.Rc1 Qb8 29.fxe5 dxe5 30.Rc6 Ra7 31.Qc2 Rd7 32.Qc4+ Ke8
33.Qe6+ Kd8 34.Rxe5 Rd6 { ...1-0, Dutreeuw Marc 2370 - Mohandesi Shahin 2320 ,
Brussels 1995 It (open) } ) 15...Ne5 { +0.18 CAP } ( 15...b4 16.Ne2 Ne5 17.Rh3
Qc8 18.Nc1 Re8 19.h5 Bb5 20.b3 Bxf1 21.Rxf1 Nc6 22.Be3 e5 23.Rfh1 Qe6 24.Rg3
Rad8 25.g6 d5 26.Qg2 Bf6 27.Nd3 dxe4 28.fxe4 a5 29.Nc5 Qe7 30.gxf7+ Qxf7
31.Rf1 Qe7 32.h6 g6 33.Rgf3 Bh8 34.Qe2 Nd4 35.Qc4+ { ...1-0, Danailov Silvio
2295 - Corral Blanco Juan Antonio 2440 , Groningen 1980 Ch Europe (juniors) }
) 16.Qg2 { N } ( 16.Qf2 Nc4 17.Bxc4 bxc4 18.h5 Bxg5 19.Rhg1 Bf6 20.e5 dxe5
21.Bc5 Qa5 22.Ne4 Bxe4 23.fxe4 Rfd8 24.Rdf1 Kh8 25.Qxf6 gxf6 26.Be7 h6
27.Bxf6+ Kh7 28.Rg7+ Kh8 29.Rfg1 Rd1+ 30.Rxd1 Rb8 31.Rg3+ Kh7 32.Rdg1 Rxb2+
33.Kxb2 c3+ 34.Ka1 { 1-0, Malysheva Polina 2310 - Chistiakova Tamara 2301 ,
Serpukhov 2.2004 Ch Russia (1 liga) (w) } ) 16...Qc7 17.f4 Nd7 18.h5 b4 19.g6
h6 { ?! } ( 19...Nf6 { !? } 20.Bxf6 Bxf6 21.gxh7+ Kxh7 22.h6 g6 23.Ne2 Bb7
24.Ng3 Qc5 25.Qd2 { } ) 20.Bc4 bxc3 { ? } ( 20...Nc5 21.Bxg7 Kxg7 22.gxf7+ Bg5
23.fxg5 Rxf7 24.gxh6+ Kh8 25.Nd5 exd5 26.exd5 Bb5 27.Qg4 Bxc4 { } ) 21.gxf7+
Rxf7 22.Bxe6 Bf6 23.Rhg1 Nc5 24.Bxc5 { ? } ( 24.Bxf7+ Qxf7 25.Bxf6 Qxf6
26.Rxd6 Bxe4 27.Rxf6 Bxg2 28.Rxg2 Rb8 29.b3 Rd8 30.Rg1 Ne4 31.Rfg6 { } )
24...dxc5 25.Qg6 Kf8 { ? } ( 25...Qe7 26.Bxf7+ Qxf7 27.e5 Rb8 28.Qxf7+ Kxf7
29.exf6 Rxb2+ 30.Ka1 gxf6 31.Rb1 Rxc2 32.Rgc1 Rh2 { } ) 26.e5 Be8 27.exf6 Rxf6
28.Qh7 Rxe6 29.Qh8+ Ke7 30.Rxg7+ { } {#r} 1-0

[Event "Memorial E.Bykova"]
[Site "masterchessopen.com Vladimir (Russia)"]
[Date "2007.12.18"]
[Round "5"]
[White "Andriasian Siranush (ARM)"]
[Black "Sudakova Irina (RUS)"]
[Result "0-1"]
[WhiteElo "2234"]
[BlackElo "2326"]

1.e4 c5 2.Nf3 d6 3.d4 cxd4 4.Nxd4 Nf6 5.Nc3 Nc6 6.Bg5 e6 7.Qd2 a6 8.O-O-O Bd7
9.f4 b5 10.Bxf6 gxf6 11.f5 Qb6 12.fxe6 fxe6 13.Nxc6 Bxc6 14.Bd3 Qc5 15.Kb1 h5
16.e5 fxe5 17.Bg6+ Kd7 18.Rhf1 Be7 19.Qe2 Raf8 20.Rf7 Rxf7 21.Bxf7 Rf8 22.Rf1
b4 23.Ne4 Bxe4 24.Qxe4 Rxf7 25.Qb7+ Ke8 26.Qa8+ Bd8 27.Rd1 Qb5 28.Qc8 Ke7 {#R}
0-1

[Event "Ch Russia (superfinal) (w)"]
[Site "masterchessopen.com Moscow (Russia)"]
[Date "2007.12.28"]
[Round "9"]
[White "Kovalevskaya Ekaterina (RUS)"]
[Black "Kosintseva Nadezhda (RUS)"]
[Result "0-1"]
[WhiteElo "2448"]
[BlackElo "2469"]

{ Kosintseva Nadezhda (RUS) +2 =3 -2 } 1.e4 c5 2.Nf3 Nc6 3.d4 cxd4 4.Nxd4 Nf6
5.Nc3 d6 6.Bg5 e6 7.Qd2 a6 8.O-O-O Bd7 9.Nxc6 Bxc6 10.Qe1 { = } 10...Be7 (
10...Qa5 11.f4 Be7 12.Bh4 Qc7 13.Bd3 O-O-O 14.Rf1 Ng4 15.Bxe7 Qxe7 16.Qg3 h5
17.h3 Nf6 18.e5 Nd5 19.Nxd5 Bxd5 20.exd6 Qxd6 21.Qxg7 Qc7 22.Rf2 Rhg8 23.Rff1
{ 1/2-1/2, Sutovsky Emil 2607 - Timofeev Artyom 2657 , Fuegen 12.10.2006 Cup
European Club } ) 11.e5 ( 11.f4 b5 12.Bd3 Ra7 13.e5 Nd5 14.Bxe7 Nxe7 15.exd6
Qxd6 16.Qg3 Qc5 17.f5 O-O 18.fxe6 fxe6 19.Rhe1 Nf5 20.Qh3 Rf6 21.Ne4 Bxe4
22.Bxe4 g6 23.Kb1 Nd6 24.Bd3 Rc7 25.Qh4 Kg7 26.Qg3 e5 27.Qg5 a5 28.h4 h6
29.Qd2 b4 30.Bf1 Rf2 { ...1-0, Van Den Doel Erik 2560 - Migl Dieter 2198 ,
Germany 28. 3.2004 Bundesliga 2003/04 } ) ( 11.Kb1 b5 12.Bd3 Nd7 13.Bxe7 Qxe7
14.Qd2 Nc5 15.Rhe1 O-O 16.Bf1 b4 17.Qxd6 Qxd6 18.Rxd6 Rfc8 19.Nd1 Bxe4 20.Rd4
b3 21.axb3 Bg6 22.Bc4 Rab8 23.Re3 a5 24.Kc1 Rb4 25.Nc3 Kf8 26.Ne2 a4 27.bxa4
Rxa4 28.Nc3 Ra7 29.b3 Nd7 30.Kb2 Nb6 { ...0-1, Zaichik Gennadi 2490 - Kaidanov
Gregory S 2420 , Lvov 1987 Ch URS (1 liga) } ) 11...Nd5 ( 11...Qa5 12.Bxf6
gxf6 13.exd6 Bf8 14.Nd5 Qxe1 15.Nxf6+ Kd8 16.Rxe1 Bxd6 17.Ne4 Be5 18.Bd3 Rg8
19.g3 Bd4 20.c3 Ba7 21.Rhf1 Ke7 22.f4 Bd5 23.a3 f6 24.Re2 h5 25.Rfe1 Rac8
26.Nd2 Kf7 27.Be4 Bxe4 28.Rxe4 Rge8 29.a4 Rcd8 30.a5 Rd5 31.Nc4 { ...1-0,
Arakhamia-Grant Ketevan 2405 - Galliamova Alisa 2325 , Kramatorsk 1989 Ch URS
(team) (juniors) (under 18) (g) } ) 12.Bxe7 Qxe7 13.Nxd5 ( 13.Ne4 dxe5 14.c4
O-O 15.cxd5 exd5 16.Ng3 Rad8 17.Kb1 d4 18.Bd3 g6 19.Be4 Bb5 20.h4 f5 21.Bc2 h5
22.f3 Kh7 23.Bd3 Bc6 24.Rd2 Rde8 25.Re2 Qd6 26.Rf1 Rf7 27.Qd2 Qf6 28.Qg5 Qxg5
29.hxg5 Rfe7 30.Rh1 Kg8 31.Rd2 Rd8 32.Rh4 Kf7 { ...1-0, Van Den Doel Erik 2560
- Reeh Oliver 2464 , Germany 27.11.2004 Bundesliga 2004/05 } ) 13...Bxd5 14.c4
( 14.exd6 Qxd6 15.Kb1 Rd8 16.Bd3 Qe7 17.Qe5 O-O 18.f4 f5 19.Rd2 Qf6 20.Qxf6
Rxf6 21.Rhd1 Rc8 22.g3 Rff8 23.Bf1 Kf7 24.Bg2 Bxg2 25.Rxg2 Rfd8 26.Rgd2 Rxd2
27.Rxd2 Ke7 28.c3 h6 29.Kc2 g5 30.Kd3 gxf4 31.gxf4 Rg8 32.Ke3 Rg1 33.Kf3 Rf1+
{ ...1/2-1/2, Kummerow Heiko 2303 - Koscielski Janus Darius 2358 , Herne 2003
It (open) } ) 14...Rc8 15.Kb1 Bxc4 { +0.18 CAP } 16.Rc1 d5 17.b3 b5 18.bxc4
bxc4 19.Ka1 O-O 20.h4 Rc5 { N } ( 20...f6 21.f4 Rb8 22.g3 Qa3 23.Rc2 f5 24.Qc1
Rb3 25.Qxa3 Rxa3 26.Rg1 Rb8 27.Be2 Re3 28.g4 c3 29.gxf5 exf5 30.Bxa6 d4 31.Rd1
Rb4 32.Bd3 g6 33.a3 Ra4 34.Ka2 Kg7 35.Bb5 Ra5 36.a4 Re4 37.Rf2 Ra7 38.Kb3 Rc7
39.Rf3 Rc5 40.Kc2 { ...1-0, Short Nigel D 2475 - Mednis Edmar J 2455 ,
Brighton 1983 It (cat.8) } ) 21.Qc3 Rb5 22.Be2 Rfb8 23.Rb1 { ?! } ( 23.f4 { !?
} 23...Qa7 24.Rhf1 Qb6 25.h5 Rb4 26.h6 gxh6 27.Bg4 Rb2 28.Bf3 { } ) 23...Qxh4
24.Rbf1 Qd8 25.f4 Qb6 26.Rd1 Rb4 27.f5 exf5 28.Bf3 d4 29.Qc2 d3 30.Qc3 Qa5 { }
{#R} 0-1

[Event "It (open)"]
[Site "masterchessopen.com Schwabisch Gmund (Germany)"]
[Date "2008.01.06"]
[Round "9"]
[White "Helstroffer Arnaud (FRA)"]
[Black "Rau Hannes (GER)"]
[Result "0-1"]
[WhiteElo "2260"]
[BlackElo "2429"]

1.e4 c5 2.Nf3 Nc6 3.Nc3 d6 4.d4 cxd4 5.Nxd4 Nf6 6.Bg5 e6 7.Qd2 a6 8.O-O-O Bd7
9.f3 Be7 10.h4 h6 11.Be3 h5 12.Bg5 Qc7 13.Kb1 Ne5 14.g4 hxg4 15.f4 Nc6 16.Bg2
Nxd4 17.Qxd4 Bc6 18.e5 Bxg2 19.exf6 gxf6 20.Bxf6 Bxh1 21.Rxh1 Bxf6 22.Qxf6 Rg8
23.f5 Qe7 24.Qd4 O-O-O 25.b4 Qc7 26.Rg1 Kb8 27.Kb2 Rc8 28.Rg3 d5 29.Re3 g3
30.b5 g2 {#R} 0-1

[Event "It (open)"]
[Site "masterchessopen.com New Delhi (India)"]
[Date "2008.01.15"]
[Round "4"]
[White "Dzhumaev Marat (UZB)"]
[Black "Shashikant Kutwal (IND)"]
[Result "1-0"]
[WhiteElo "2540"]
[BlackElo "2325"]

1.e4 c5 2.Nf3 d6 3.d4 cxd4 4.Nxd4 Nf6 5.Nc3 Nc6 6.Bg5 e6 7.Qd2 a6 8.O-O-O Bd7
9.f4 h6 10.Bh4 g5 11.fxg5 Ng4 12.Nf3 hxg5 13.Bg3 Nge5 14.Kb1 Be7 15.Be2 b5
16.Rhf1 Rb8 17.Nxe5 Nxe5 18.Qd4 Qc7 19.Rd2 f6 20.Nd1 Bc6 21.Ne3 Qb6 22.Qc3
Bxe4 23.Bg4 b4 24.Qb3 d5 25.Qa4+ Kf7 26.Bxe5 Qxe3 27.Re2 Qb6 28.Qd7 f5 29.Bxf5
Bxf5 30.Bxh8 {#r} 1-0

[Event "Ch Poland (juniors) (under 20)"]
[Site "masterchessopen.com Sroda (Poland)"]
[Date "2008.02.02"]
[Round "11"]
[White "Kanarek Marcel (POL)"]
[Black "Galazewski Tomasz (POL)"]
[Result "1-0"]
[WhiteElo "2458"]
[BlackElo "2245"]

1.e4 c5 2.Nf3 d6 3.d4 cxd4 4.Nxd4 Nf6 5.Nc3 Nc6 6.Bg5 e6 7.Qd2 a6 8.O-O-O Bd7
9.f3 Be7 10.Kb1 O-O 11.Be3 b5 12.Nxc6 Bxc6 13.Ne2 Rc8 14.Nd4 Qc7 15.g4 Nd7
16.g5 Ne5 17.Qg2 d5 18.Nxc6 Qxc6 19.exd5 exd5 20.f4 Nc4 21.Bc1 b4 22.Rxd5 Na3+
23.bxa3 bxa3 24.Rd3 Qc7 25.Rb3 a5 26.Bd3 a4 27.Qe4 {#r} 1-0

[Event "Czech League 2007/08 (2nd) (a)"]
[Site "masterchessopen.com Czech Republic"]
[Date "2008.02.03"]
[Round "7"]
[White "Havluj Zdenek (CZE)"]
[Black "Novacek Josef (CZE)"]
[Result "0-1"]
[WhiteElo "1995"]
[BlackElo "2168"]

1.e4 c5 2.Nf3 d6 3.d4 cxd4 4.Nxd4 Nf6 5.Nc3 Nc6 6.Bg5 e6 7.Qd2 a6 8.O-O-O Bd7
9.f4 h6 10.Bxf6 Qxf6 11.Nb3 g5 12.g3 gxf4 13.gxf4 Rd8 14.Rg1 h5 15.Bh3 Bh6
16.Rdf1 Bc8 17.Kb1 b5 18.a3 Qh4 19.Rf3 Ne5 20.Qd4 Nxf3 21.Qxh8+ Ke7 22.Rg8
Rxg8 23.Qxg8 Bd7 24.Bg2 Qxf4 25.Bxf3 Qxf3 26.Qa8 Bg7 27.Qxa6 Bxc3 28.bxc3 Qxc3
29.Qb7 Qc6 {#R} 0-1

[Event "Ch Europe (seniors) (team)"]
[Site "masterchessopen.com Dresden (Germany)"]
[Date "2008.02.15"]
[Round "5"]
[White "Woeber Friedrich (AUT)"]
[Black "Glauser Hansruedi (SUI)"]
[Result "1-0"]
[WhiteElo "2153"]
[BlackElo "2182"]

1.e4 c5 2.Nf3 d6 3.d4 cxd4 4.Nxd4 Nf6 5.Nc3 Nc6 6.Bg5 e6 7.Qd2 a6 8.O-O-O Bd7
9.Be2 b5 10.f3 b4 11.Nb1 Qb6 12.Be3 Qb7 13.g4 Nxd4 14.Qxd4 Bb5 15.Qxb4 d5
16.Bxb5+ axb5 17.Qb3 dxe4 18.Nc3 exf3 19.g5 Nd7 20.Nxb5 Qc6 21.Rxd7 Qxd7
22.Rd1 Qc6 {#r} 1-0

[Event "It (open)"]
[Site "masterchessopen.com Malaga (Spain)"]
[Date "2008.02.25"]
[Round "4"]
[White "Huerga Leache Mikel (ESP)"]
[Black "Linan Baena Jeronimo (ESP)"]
[Result "1-0"]
[WhiteElo "2417"]
[BlackElo "2149"]

1.e4 c5 2.Nf3 d6 3.d4 cxd4 4.Nxd4 Nf6 5.Nc3 Nc6 6.Bg5 e6 7.Qd2 a6 8.O-O-O Bd7
9.f3 Be7 10.h4 h6 11.Be3 h5 12.Bg5 b5 13.Nxc6 Bxc6 14.Ne2 Qc7 15.Nd4 Bd7
16.Kb1 Qb6 17.Qe1 Rc8 18.f4 Ng4 19.Bxe7 Kxe7 20.Be2 a5 21.Qg3 Rc4 22.c3 Rc5
23.e5 d5 24.Bxg4 hxg4 25.Qxg4 Rhc8 26.Qxg7 Qa7 27.Qf6+ Ke8 28.h5 b4 29.h6 {#r}
1-0

[Event "Ch Finland (team) 2007/08"]
[Site "masterchessopen.com Finland"]
[Date "2008.03.08"]
[Round "8"]
[White "Penttinen Jarkko (FIN)"]
[Black "Pulkkinen Kari (FIN)"]
[Result "1-0"]
[WhiteElo "2332"]
[BlackElo "2306"]

1.e4 c5 2.Nf3 d6 3.d4 cxd4 4.Nxd4 Nf6 5.Nc3 Nc6 6.Bg5 e6 7.Qd2 a6 8.O-O-O Bd7
9.Nxc6 Bxc6 10.Qe1 Qa5 11.f4 Be7 12.Bh4 O-O-O 13.Nd5 Qxe1 14.Nxe7+ Kd7 15.Rxe1
Kxe7 16.e5 dxe5 17.fxe5 Rd4 18.exf6+ gxf6 19.Bf2 Rg4 20.Rg1 Rc8 21.g3 {#r} 1-0

[Event "Ch Poland (juniors) (under 18)"]
[Site "masterchessopen.com Leba (Poland)"]
[Round "4"]
[White "Dubinski Mateusz (POL)"]
[Black "Fistek Dariusz (POL)"]
[Result "0-1"]
[WhiteElo "2158"]
[BlackElo "2265"]

1.e4 c5 2.Nf3 d6 3.d4 cxd4 4.Nxd4 Nf6 5.Nc3 Nc6 6.Bg5 e6 7.Qd2 a6 8.O-O-O Bd7
9.f4 b5 10.Bxb5 axb5 11.Ndxb5 Nb4 12.Nxd6+ Bxd6 13.Qxd6 Nxa2+ 14.Nxa2 Rxa2
15.Kb1 Qa8 16.c3 Ra1+ 17.Kc2 Ba4+ {#R} 0-1

[Event "Ch Russia (juniors) (under 16) (1 league)"]
[Site "masterchessopen.com Dagomys (Russia)"]
[Round "8"]
[White "Postnikov Daniil (RUS)"]
[Black "Tangatarov Timur (RUS)"]
[Result "1-0"]
[WhiteElo "2136"]
[BlackElo "2121"]

1.e4 c5 2.Nf3 d6 3.d4 cxd4 4.Nxd4 Nf6 5.Nc3 Nc6 6.Bg5 e6 7.Qd2 a6 8.O-O-O Bd7
9.f3 Be7 10.Kb1 Rc8 11.Nxc6 Rxc6 12.Bd3 O-O 13.h4 b5 14.g4 b4 15.Ne2 Qa5
16.Nd4 Rcc8 17.Be3 Bc6 18.h5 Nd7 19.g5 Nc5 20.Rdg1 Na4 21.Qh2 Bb5 22.g6 Bxd3
23.h6 Bxc2+ 24.Nxc2 fxg6 25.hxg7 {#r} 1-0

[Event "Ch Russia (juniors) (under 18) (g)"]
[Site "masterchessopen.com Dagomys (Russia)"]
[Round "2"]
[White "Shlakich Anna (RUS)"]
[Black "Manina Ksenia (RUS)"]
[Result "1-0"]
[WhiteElo "2203"]
[BlackElo "2017"]

1.e4 c5 2.Nf3 Nc6 3.d4 cxd4 4.Nxd4 Nf6 5.Nc3 d6 6.Bg5 e6 7.Qd2 a6 8.O-O-O Bd7
9.f4 b5 10.Bxf6 gxf6 11.Kb1 Qb6 12.Nxc6 Bxc6 13.f5 b4 14.Ne2 e5 15.Ng3 O-O-O
16.Bc4 h5 17.h4 Rg8 18.Qe1 Rd7 19.Nxh5 Rxg2 20.Nxf6 Rc7 21.Rg1 Rxg1 22.Qxg1
Qxg1 23.Rxg1 Be7 24.Rg8+ Kb7 25.Nd5 Bxd5 26.Bxd5+ Kb6 27.h5 Rd7 28.h6 Bf6
29.h7 {#r} 1-0